[Event "GER-chT U16"]
[Site "Kiel"]
[Date "2022.07.25"]
[Round "6.7"]
[White "Lauterbach, Kolja"]
[Black "Trossmann, Max"]
[Result "1/2-1/2"]
[WhiteElo "1663"]
[BlackElo "1785"]
[PlyCount "62"]
[EventDate "2022.07.22"]
[EventType "team-swiss"]
[EventRounds "7"]
[EventCountry "GER"]
[SourceTitle "CBM 209 Extra"]
[Source "ChessBase"]
[SourceDate "2022.09.30"]
[SourceVersion "1"]
[SourceVersionDate "2022.09.30"]
[SourceQuality "1"]
[WhiteTeam "Freiburg Zaehringen"]
[BlackTeam "Ansbach"]
[WhiteTeamCountry "GER"]
[BlackTeamCountry "GER"]

1. e4 d5 2. exd5 Nf6 3. d4 Qxd5 4. Nc3 Qd8 5. Nf3 g6 6. Be3 c6 7. Bd3 Bg7 8. Qd2 Nbd7 9. 0-0-0 Nb6 10. Bh6 0-0 11. h4 Bg4 12. Rdg1 Bxf3 13. gxf3 Nh5 14. Bxg7 Kxg7 15. Qg5 Kh8 16. Qe5+ f6 17. Qe3 f5 18. Qe5+ Rf6 19. Re1 e6 20. Ne2 Nd7 21. Qe3 Qc7 22. f4 Rg8 23. Bc4 Qd6 24. Rh3 a6 25. Rf3 Nb6 26. Bb3 Re8 27. Ng3 Nd5 28. Bxd5 Qxd5 29. Nxh5 gxh5 30. Kb1 Rg6 31. Rg3 Reg8 1/2-1/2

[Event "GER-chT U16"]
[Site "Kiel"]
[Date "2022.07.24"]
[Round "4.6"]
[White "Gutewort, Paul Emil"]
[Black "Lauterbach, Kolja"]
[Result "1/2-1/2"]
[WhiteElo "1702"]
[BlackElo "1663"]
[PlyCount "86"]
[EventDate "2022.07.22"]
[EventType "team-swiss"]
[EventRounds "7"]
[EventCountry "GER"]
[SourceTitle "CBM 209 Extra"]
[Source "ChessBase"]
[SourceDate "2022.09.30"]
[SourceVersion "1"]
[SourceVersionDate "2022.09.30"]
[SourceQuality "1"]
[WhiteTeam "Berlin SF"]
[BlackTeam "Freiburg Zaehringen"]
[WhiteTeamCountry "GER"]
[BlackTeamCountry "GER"]

1. c4 f5 2. g3 Nf6 3. Bg2 g6 4. Nc3 Bg7 5. e3 0-0 6. Nge2 d6 7. d4 e5 8. 0-0 c6 9. Rb1 Qe8 10. b4 Nh5 11. Qb3 Kh8 12. b5 g5 13. dxe5 dxe5 14. bxc6 bxc6 15. Nb5 Na6 16. Nd6 Qg6 17. Nxc8 Raxc8 18. Qc2 Qf7 19. Ba3 Rg8 20. e4 f4 21. f3 Qe6 22. g4 Nf6 23. Rb7 Rc7 24. Rfb1 Qd7 25. Rxc7 Qxc7 26. Bf1 Bf8 27. Bxf8 Rxf8 28. Nc1 Nc5 29. Qc3 Nfd7 30. Bd3 Qd6 31. Qc2 Qd4+ 32. Kg2 Rf6 33. Be2 Rd6 34. Nb3 Qe3 35. Rd1 Rxd1 36. Qxd1 Nxb3 37. axb3 Qd4 38. Qc2 Nc5 39. b4 Ne6 40. b5 cxb5 41. cxb5 Qc5 42. Qb3 Nd4 43. Qf7 Nxe2 1/2-1/2

[Event "GER-chT U16"]
[Site "Kiel"]
[Date "2022.07.24"]
[Round "3.4"]
[White "Lauterbach, Kolja"]
[Black "Schubert, Nikita"]
[Result "1/2-1/2"]
[WhiteElo "1663"]
[BlackElo "1949"]
[PlyCount "85"]
[EventDate "2022.07.22"]
[EventType "team-swiss"]
[EventRounds "7"]
[EventCountry "GER"]
[SourceTitle "CBM 209 Extra"]
[Source "ChessBase"]
[SourceDate "2022.09.30"]
[SourceVersion "1"]
[SourceVersionDate "2022.09.30"]
[SourceQuality "1"]
[WhiteTeam "Freiburg Zaehringen"]
[BlackTeam "Gera"]
[WhiteTeamCountry "GER"]
[BlackTeamCountry "GER"]

1. e4 e5 2. Nf3 Nc6 3. Bc4 Bc5 4. b4 Bxb4 5. c3 Ba5 6. d4 d6 7. Qb3 Qd7 8. dxe5 Bb6 9. Bb5 a6 10. Qa4 Nge7 11. exd6 cxd6 12. Bxc6 Qxc6 13. Qxc6+ Nxc6 14. 0-0 Bg4 15. Bf4 0-0-0 16. Na3 Rhe8 17. Rfe1 Ne5 18. Nd4 Nd3 19. Bg3 Nxe1 20. Rxe1 Bc5 21. Nac2 Bh5 22. Nb4 Bg6 23. f3 f6 24. Kh1 Bf7 25. h3 Bxd4 26. cxd4 a5 27. Nd3 Kd7 28. Rb1 Rb8 29. Rb6 Rec8 30. Rxd6+ Ke8 31. Rb6 Ra8 32. Rxb7 Bxa2 33. Rxg7 a4 34. Bd6 a3 35. Nc5 Bf7 36. d5 a2 37. Nb3 Rd8 38. Rxh7 Kd7 39. Bc5 a1Q+ 40. Nxa1 Rxa1+ 41. Kh2 Ke8 42. Rh8+ Kd7 43. Rh7 1/2-1/2

[Event "GER-chT U16"]
[Site "Kiel"]
[Date "2022.07.23"]
[Round "1.10"]
[White "Lauterbach, Kolja"]
[Black "Fedgenhaeuer, Paul"]
[Result "1-0"]
[WhiteElo "1663"]
[BlackElo "1354"]
[PlyCount "41"]
[EventDate "2022.07.22"]
[EventType "team-swiss"]
[EventRounds "7"]
[EventCountry "GER"]
[SourceTitle "CBM 209 Extra"]
[Source "ChessBase"]
[SourceDate "2022.09.30"]
[SourceVersion "1"]
[SourceVersionDate "2022.09.30"]
[SourceQuality "1"]
[WhiteTeam "Freiburg Zaehringen"]
[BlackTeam "Niederwiesa"]
[WhiteTeamCountry "GER"]
[BlackTeamCountry "GER"]

1. e4 e5 2. Nf3 Nf6 3. Nc3 Nc6 4. d4 d6 5. Bb5 Bd7 6. 0-0 Be7 7. Re1 0-0 8. Bxc6 Bxc6 9. dxe5 dxe5 10. Qxd8 Raxd8 11. Bg5 h6 12. Bh4 Bd6 13. Bxf6 gxf6 14. Nh4 Bb4 15. Nf5 Kh7 16. Re3 Rd2 17. Rc1 Rfd8 18. Kf1 Bxc3 19. bxc3 Bb5+ 20. Ke1 Bc4 21. a3 1-0

[Event "GER-ch U25-B"]
[Site "Willingen"]
[Date "2019.06.13"]
[Round "7"]
[White "Lauterbach, Kolja"]
[Black "Zimmer, Luca"]
[Result "1/2-1/2"]
[WhiteElo "1662"]
[BlackElo "1676"]
[PlyCount "66"]
[EventDate "2019.06.08"]
[EventType "swiss"]
[EventRounds "9"]
[EventCountry "GER"]
[SourceTitle "CBM 191 Extra"]
[Source "ChessBase"]
[SourceDate "2019.09.30"]
[SourceVersion "1"]
[SourceVersionDate "2019.09.30"]
[SourceQuality "1"]

1. e4 e6 2. d4 d5 3. Nd2 Nf6 4. e5 Nfd7 5. Bd3 c5 6. c3 Nc6 7. Ne2 cxd4 8. cxd4 f6 9. exf6 Nxf6 10. 0-0 Bd6 11. Nf3 Qc7 12. Nc3 a6 13. h3 0-0 14. Bg5 Bd7 15. Re1 Rae8 16. Rc1 Qb8 17. a3 Kh8 18. Qe2 h6 19. Be3 Ng8 20. Nh4 Nge7 21. Qd2 Rf6 22. Bb1 Kg8 23. Qd3 Ref8 24. g4 Bf4 25. Ng2 Bxe3 26. Rxe3 Be8 27. Rce1 Bg6 28. Qd2 Bxb1 29. Nxb1 Rxf2 30. Qxf2 Rxf2 31. Kxf2 Nxd4 32. Rd3 Ndc6 33. Nd2 e5 1/2-1/2

[Event "GER-ch U25-B"]
[Site "Willingen"]
[Date "2019.06.09"]
[Round "1"]
[White "Sarian, Gaya"]
[Black "Lauterbach, Kolja"]
[Result "0-1"]
[WhiteElo "1452"]
[BlackElo "1662"]
[PlyCount "52"]
[EventDate "2019.06.08"]
[EventType "swiss"]
[EventRounds "9"]
[EventCountry "GER"]
[SourceTitle "CBM 191 Extra"]
[Source "ChessBase"]
[SourceDate "2019.09.30"]
[SourceVersion "1"]
[SourceVersionDate "2019.09.30"]
[SourceQuality "1"]

1. e4 e5 2. Nf3 Nc6 3. Bc4 Nf6 4. d3 Bc5 5. Bg5 d6 6. h3 Be6 7. Bxe6 fxe6 8. Nc3 0-0 9. Qe2 Qd7 10. 0-0 a6 11. Rad1 Qf7 12. Be3 Nd4 13. Bxd4 exd4 14. Nb1 Nh5 15. e5 Nf4 16. Qe4 d5 17. Qe1 Nxh3+ 18. gxh3 Qxf3 19. Kh2 Rf5 20. Nd2 Qf4+ 21. Kh1 Rxe5 22. Ne4 dxe4 23. dxe4 Qf3+ 24. Kh2 Rh5 25. Rh1 Rxh3+ 26. Kg1 Rxh1# 0-1

[Event "GER-chT U14"]
[Site "Magdeburg"]
[Date "2018.12.29"]
[Round "5.1"]
[White "Lauterbach, Kolja"]
[Black "Gallasch, Jonas"]
[Result "0-1"]
[WhiteElo "1678"]
[BlackElo "2101"]
[PlyCount "190"]
[EventDate "2018.12.27"]
[EventType "team-swiss"]
[EventRounds "7"]
[EventCountry "GER"]
[SourceTitle "CBM 188 Extra"]
[Source "ChessBase"]
[SourceDate "2019.02.26"]
[SourceVersion "1"]
[SourceVersionDate "2019.02.26"]
[SourceQuality "1"]
[WhiteTeam "Freiburg Zaehringen"]
[BlackTeam "Porz SG"]
[WhiteTeamCountry "GER"]
[BlackTeamCountry "GER"]

1. e4 c6 2. c4 d5 3. cxd5 cxd5 4. exd5 Nf6 5. Nc3 Nxd5 6. Nf3 e6 7. Bc4 Nxc3 8. bxc3 Qc7 9. Bb3 b6 10. 0-0 Be7 11. Bb2 0-0 12. d4 Nd7 13. Rc1 Bb7 14. Bc2 Nf6 15. Qd3 Be4 16. Qe2 Bxc2 17. Rxc2 Nd5 18. Ba1 Rac8 19. Rd1 Qc4 20. Qxc4 Rxc4 21. Ne5 Rc7 22. c4 Nb4 23. Re2 Bd6 24. a3 Na6 25. d5 f6 26. Nc6 e5 27. Bb2 Nb8 28. Red2 Bc5 29. Kf1 Rfc8 30. Ke2 Nxc6 31. dxc6 Rxc6 32. Rd8+ Kf7 33. R8d7+ Be7 34. Rxa7 Rxc4 35. Rdd7 Re8 36. Kd3 Rc6 37. a4 Ke6 38. Bc3 f5 39. Bd2 Bf6 40. f3 Rd6+ 41. Rxd6+ Kxd6 42. Be3 Kc6 43. a5 bxa5 44. Rxa5 Rb8 45. Rc5+ Kd6 46. Rc2 Rb3+ 47. Ke2 Rb5 48. Rd2+ Ke6 49. g3 Rb3 50. Rd3 Rxd3 51. Kxd3 Kd5 52. Ke2 Be7 53. Bd2 Bc5 54. Bc1 g6 55. Bg5 Bg1 56. h3 Bc5 57. Bd2 Bd6 58. g4 e4 59. gxf5 gxf5 60. fxe4+ fxe4 61. Be3 Bg3 62. Bg5 Ke5 63. Be3 Kf5 64. Kf1 Bf4 65. Bb6 Bc1 66. Kg2 Kf4 67. Kf2 Bb2 68. Kg2 Ke5 69. Be3 Bd4 70. Bh6 Kd5 71. Bf4 Be5 72. Be3 Kc4 73. Bg5 Kd3 74. Bh6 Bc3 75. Bf4 Bd2 76. Bg3 e3 77. Kf1 e2+ 78. Kg2 Ke4 79. h4 h5 80. Bf2 Kf4 81. Bg3+ Kg4 82. Bf2 Bc3 83. Bg3 Bb4 84. Bf2 Be7 85. Be1 Bxh4 86. Bd2 Bg3 87. Bc3 h4 88. Bd2 h3+ 89. Kh1 Kf3 90. Bc3 Ke4 91. Bb4 Kd3 92. Ba5 Kc2 93. Bb4 Kd1 94. Ba5 Bf4 95. Kg1 Bd2 0-1

[Event "GER-chT U14"]
[Site "Magdeburg"]
[Date "2018.12.27"]
[Round "2.1"]
[White "Lauterbach, Kolja"]
[Black "Skabs, Denis"]
[Result "0-1"]
[WhiteElo "1678"]
[BlackElo "1706"]
[PlyCount "70"]
[EventDate "2018.12.27"]
[EventType "team-swiss"]
[EventRounds "7"]
[EventCountry "GER"]
[SourceTitle "CBM 188 Extra"]
[Source "ChessBase"]
[SourceDate "2019.02.26"]
[SourceVersion "1"]
[SourceVersionDate "2019.02.26"]
[SourceQuality "1"]
[WhiteTeam "Freiburg Zaehringen"]
[BlackTeam "Brackel"]
[WhiteTeamCountry "GER"]
[BlackTeamCountry "GER"]

1. e4 e5 2. Nf3 Nc6 3. Bc4 Nf6 4. d4 exd4 5. e5 d5 6. Bb5 Ne4 7. Nxd4 Bc5 8. Be3 0-0 9. Bxc6 bxc6 10. Nxc6 Bxe3 11. Nxd8 Bxf2+ 12. Ke2 Bg4+ 13. Kd3 Bxd1 14. Nc6 Bg4 15. Nd2 Nxd2 16. Kxd2 Rfe8 17. Rhf1 Bb6 18. Rae1 Bd7 19. Nb4 Ba5 20. c3 Bxb4 21. cxb4 Re7 22. Rc1 c6 23. b5 Rc8 24. Rc5 Rxe5 25. Rfc1 Re6 26. a4 Kf8 27. b4 Ke7 28. a5 Kd6 29. Kd3 Re4 30. b6 axb6 31. axb6 Rxb4 32. R5c2 Rxb6 33. Rf1 f6 34. Kd2 c5 35. Rfc1 d4 0-1

[Event "Verbandsliga Suedbaden 1819"]
[Site "Baden"]
[Date "2018.11.04"]
[Round "2.8"]
[White "Lauterbach, Kolja"]
[Black "Bittner, Thomas"]
[Result "0-1"]
[WhiteElo "1678"]
[BlackElo "2146"]
[PlyCount "68"]
[EventDate "2018.10.14"]
[EventType "team-tourn"]
[EventRounds "9"]
[EventCountry "GER"]
[SourceTitle "EXT 2020"]
[Source "ChessBase"]
[SourceDate "2019.10.17"]
[SourceVersion "1"]
[SourceVersionDate "2019.10.17"]
[SourceQuality "1"]
[WhiteTeam "Zaehringen"]
[BlackTeam "Baden-Baden IV"]
[WhiteTeamCountry "GER"]
[BlackTeamCountry "GER"]

1. e4 e5 2. Nf3 Nc6 3. Bc4 Bc5 4. b4 Bxb4 5. c3 Ba5 6. d4 d6 7. d5 Nb8 8. Qa4+ c6 9. dxc6 bxc6 10. Qb3 Qe7 11. 0-0 Nf6 12. Ba3 0-0 13. Qc2 Be6 14. Bb3 Bg4 15. Ng5 h6 16. Nxf7 Rxf7 17. Bxf7+ Kxf7 18. f3 Be6 19. Rd1 Ne8 20. Qd3 Bc7 21. Nd2 Nd7 22. Nc4 c5 23. Ne3 Nb6 24. Nd5 Bxd5 25. exd5 c4 26. Qf5+ Qf6 27. Qg4 Qg6 28. Qh3 Kf8 29. Re1 Kg8 30. Rad1 Qf7 31. Re2 Nxd5 32. Ree1 Nxc3 33. Rd2 Nb5 34. Bc1 Ba5 0-1

[Event "GER-chT U12"]
[Site "Magdeburg"]
[Date "2017.12.30"]
[Round "7.1"]
[White "Lauterbach, Kolja"]
[Black "Weihrauch, Jakob"]
[Result "0-1"]
[WhiteElo "1517"]
[BlackElo "1988"]
[PlyCount "52"]
[EventDate "2017.12.26"]
[EventType "team-swiss"]
[EventRounds "7"]
[EventCountry "GER"]
[SourceTitle "CBM 182 Extra"]
[Source "ChessBase"]
[SourceDate "2018.02.23"]
[SourceVersion "1"]
[SourceVersionDate "2018.02.23"]
[SourceQuality "1"]
[WhiteTeam "Freiburg Zaehringen"]
[BlackTeam "Hamburger SK"]
[WhiteTeamCountry "GER"]
[BlackTeamCountry "GER"]

1. e4 c5 2. c3 d5 3. e5 d4 4. Nf3 a6 5. Bc4 e6 6. d3 Nc6 7. 0-0 Nge7 8. Bg5 h6 9. Bh4 Qc7 10. Bg3 Nf5 11. Re1 Be7 12. Nbd2 g5 13. h3 h5 14. cxd4 cxd4 15. Re4 b5 16. Bb3 Bb7 17. Rc1 Rd8 18. Bh2 Qb8 19. g4 hxg4 20. Rxg4 Rxh3 21. Nxg5 Bxg5 22. Rxg5 Nxe5 23. Ne4 Nf3+ 24. Qxf3 Qxh2+ 25. Kf1 Rxf3 26. Rc7 Qxc7 0-1

[Event "GER-chT U12"]
[Site "Magdeburg"]
[Date "2017.12.29"]
[Round "6.1"]
[White "Lauterbach, Kolja"]
[Black "Deutsch, Christoph"]
[Result "1/2-1/2"]
[WhiteElo "1517"]
[BlackElo "1797"]
[PlyCount "70"]
[EventDate "2017.12.26"]
[EventType "team-swiss"]
[EventRounds "7"]
[EventCountry "GER"]
[SourceTitle "CBM 182 Extra"]
[Source "ChessBase"]
[SourceDate "2018.02.23"]
[SourceVersion "1"]
[SourceVersionDate "2018.02.23"]
[SourceQuality "1"]
[WhiteTeam "Freiburg Zaehringen"]
[BlackTeam "Gruendau"]
[WhiteTeamCountry "GER"]
[BlackTeamCountry "GER"]

1. e4 e5 2. Nf3 Nc6 3. Bc4 Nf6 4. d4 exd4 5. e5 d5 6. Bb5 Ne4 7. Nxd4 Bd7 8. Bxc6 bxc6 9. 0-0 Bc5 10. f3 Ng5 11. f4 Ne4 12. Be3 0-0 13. Nd2 Nxd2 14. Qxd2 f6 15. Nb3 Bxe3+ 16. Qxe3 Qe7 17. Rae1 fxe5 18. Qxe5 Qxe5 19. Rxe5 Rae8 20. Rfe1 Rxe5 21. fxe5 Re8 22. h3 g6 23. g4 Kg7 24. Nc5 Be6 25. Kg2 Bc8 26. Kg3 Rf8 27. Re3 Rf1 28. Ra3 Rg1+ 29. Kf2 Rc1 30. c3 a6 31. Nxa6 Rc2+ 32. Kg3 Rxb2 33. Nxc7 Re2 34. Kf4 Re4+ 35. Kf3 Rxe5 1/2-1/2

[Event "GER-chT U12"]
[Site "Magdeburg"]
[Date "2017.12.29"]
[Round "5.1"]
[White "Strehse, Nelson"]
[Black "Lauterbach, Kolja"]
[Result "1/2-1/2"]
[WhiteElo "1452"]
[BlackElo "1517"]
[PlyCount "58"]
[EventDate "2017.12.26"]
[EventType "team-swiss"]
[EventRounds "7"]
[EventCountry "GER"]
[SourceTitle "CBM 182 Extra"]
[Source "ChessBase"]
[SourceDate "2018.02.23"]
[SourceVersion "1"]
[SourceVersionDate "2018.02.23"]
[SourceQuality "1"]
[WhiteTeam "Koeln SF"]
[BlackTeam "Freiburg Zaehringen"]
[WhiteTeamCountry "GER"]
[BlackTeamCountry "GER"]

1. e4 e5 2. Nf3 Nc6 3. Bc4 Nf6 4. d3 Bc5 5. Nc3 d6 6. Be3 Bb6 7. h3 Be6 8. Bb3 h6 9. 0-0 0-0 10. Re1 Qd7 11. Qd2 Nd4 12. Bxd4 exd4 13. Nd5 Nxd5 14. exd5 Bf5 15. Qf4 g5 16. Qd2 Kh7 17. Nh2 Rg8 18. Qe2 Rae8 19. Qf3 Ba5 20. Ba4 Rxe1+ 21. Rxe1 Qxa4 22. Qxf5+ Kg7 23. Re7 Rf8 24. Ng4 Qxc2 25. Qf6+ Kg8 26. Nxh6+ Kh7 27. Rxf7+ Rxf7 28. Qxf7+ Kxh6 29. Qf6+ Kh7 1/2-1/2

[Event "GER-chT U12"]
[Site "Magdeburg"]
[Date "2017.12.27"]
[Round "2.1"]
[White "Lauterbach, Kolja"]
[Black "Lutz, Ruben"]
[Result "0-1"]
[WhiteElo "1517"]
[BlackElo "1960"]
[PlyCount "74"]
[EventDate "2017.12.26"]
[EventType "team-swiss"]
[EventRounds "7"]
[EventCountry "GER"]
[SourceTitle "CBM 182 Extra"]
[Source "ChessBase"]
[SourceDate "2018.02.23"]
[SourceVersion "1"]
[SourceVersionDate "2018.02.23"]
[SourceQuality "1"]
[WhiteTeam "Freiburg Zaehringen"]
[BlackTeam "Dresden TU"]
[WhiteTeamCountry "GER"]
[BlackTeamCountry "GER"]

1. e4 e6 2. d4 d5 3. Nd2 Nf6 4. Bd3 dxe4 5. Nxe4 Nbd7 6. Nf3 Be7 7. c3 0-0 8. 0-0 b6 9. Qc2 Bb7 10. Neg5 h6 11. Ne4 c5 12. Be3 Qc7 13. Rad1 c4 14. Be2 Bxe4 15. Qd2 Nd5 16. b3 cxb3 17. c4 Bb4 18. Qc1 Nc3 19. Qb2 Nxd1 20. Rxd1 Nf6 21. axb3 Rad8 22. Bd3 Bxf3 23. gxf3 Bd6 24. Qc1 Nh5 25. Bxh6 Bf4 26. Bxf4 Qxf4 27. Qc3 Kh8 28. Bc2 Nf6 29. Kh1 Rd7 30. d5 exd5 31. Rd4 Qc1+ 32. Kg2 Qg5+ 33. Kh3 dxc4 34. Rh4+ Kg8 35. f4 Qg1 36. Qf3 Qf1+ 37. Kg3 Rd3 0-1

[Event "GER-ch U12"]
[Site "Willingen"]
[Date "2017.06.09"]
[Round "9"]
[White "Mailitis, Ricardo"]
[Black "Lauterbach, Kolja"]
[Result "1-0"]
[WhiteElo "1633"]
[BlackElo "1358"]
[PlyCount "95"]
[EventDate "2017.06.04"]
[EventType "swiss"]
[EventRounds "11"]
[EventCountry "GER"]
[SourceTitle "CBM 178 Extra"]
[Source "ChessBase"]
[SourceDate "2017.06.22"]
[SourceVersion "1"]
[SourceVersionDate "2017.06.22"]
[SourceQuality "1"]

1. e4 e5 2. Nf3 Nc6 3. Bc4 Nf6 4. d3 Bc5 5. c3 0-0 6. Bb3 d5 7. Qe2 Bg4 8. h3 Bh5 9. Nbd2 d4 10. Nf1 Qd7 11. g4 Bg6 12. Ng3 Rad8 13. Bc2 h6 14. Nh4 Bh7 15. Qf3 Qe6 16. Nhf5 Ne7 17. Bb3 Qd7 18. Nxh6+ gxh6 19. Qxf6 Qd6 20. Qxh6 dxc3 21. Nh5 Qxh6 22. Bxh6 Rxd3 23. Nf6+ Kh8 24. Bxf8 cxb2 25. Rb1 Rc3 26. Rxb2 Rc1+ 27. Bd1 Bd6 28. Nxh7 Kxh7 29. Bxe7 Bxe7 30. 0-0 Rc3 31. Kg2 b6 32. Rc2 Ra3 33. Rxc7 Bg5 34. Bb3 Kg6 35. Rxf7 Rxb3 36. axb3 Kxf7 37. Rh1 a5 38. h4 Bf4 39. g5 b5 40. Ra1 Bd2 41. Kf3 Kg6 42. Kg4 Bc3 43. Rc1 Bd4 44. h5+ Kg7 45. Rc7+ Kg8 46. Kf5 a4 47. Kg6 Kf8 48. h6 1-0

[Event "GER-ch U12"]
[Site "Willingen"]
[Date "2017.06.08"]
[Round "8"]
[White "Lauterbach, Kolja"]
[Black "Danninger, Jannik"]
[Result "1-0"]
[WhiteElo "1358"]
[BlackElo "1620"]
[PlyCount "83"]
[EventDate "2017.06.04"]
[EventType "swiss"]
[EventRounds "11"]
[EventCountry "GER"]
[SourceTitle "CBM 178 Extra"]
[Source "ChessBase"]
[SourceDate "2017.06.22"]
[SourceVersion "1"]
[SourceVersionDate "2017.06.22"]
[SourceQuality "1"]

1. e4 e5 2. Nf3 Nc6 3. Bc4 Bc5 4. b4 Bxb4 5. c3 Be7 6. d4 Na5 7. Nxe5 Nxc4 8. Nxc4 d5 9. exd5 Qxd5 10. Ne3 Qd8 11. 0-0 Nf6 12. Nd2 0-0 13. Nf3 b6 14. c4 Ba6 15. Qa4 Bb7 16. d5 Bd6 17. Bb2 a5 18. Nd4 Nd7 19. Ndf5 Be5 20. Qc2 Bxb2 21. Qxb2 Qf6 22. Qc2 Rfe8 23. Rfe1 Ne5 24. f4 Ng6 25. Ng4 Qd8 26. Qc3 f6 27. Nfh6+ Kf8 28. Rxe8+ Kxe8 29. Nf5 Kf8 30. Nd4 Bc8 31. f5 Nf4 32. Qf3 Qd6 33. Re1 h5 34. Nf2 Qb4 35. Rc1 g5 36. fxg6 Qd2 37. Rd1 Ne2+ 38. Qxe2 Qxe2 39. Nxe2 Ba6 40. Nf4 Bxc4 41. Ne6+ Kg8 42. Ne4 1-0

[Event "GER-ch U12"]
[Site "Willingen"]
[Date "2017.06.07"]
[Round "7"]
[White "Mueller, Magnus"]
[Black "Lauterbach, Kolja"]
[Result "1-0"]
[WhiteElo "1634"]
[BlackElo "1358"]
[PlyCount "25"]
[EventDate "2017.06.04"]
[EventType "swiss"]
[EventRounds "11"]
[EventCountry "GER"]
[SourceTitle "CBM 178 Extra"]
[Source "ChessBase"]
[SourceDate "2017.06.22"]
[SourceVersion "1"]
[SourceVersionDate "2017.06.22"]
[SourceQuality "1"]

1. e4 e5 2. Nf3 Nc6 3. Bc4 Nf6 4. d4 exd4 5. 0-0 Bc5 6. c3 dxc3 7. e5 Ne4 8. Qd5 0-0 9. Qxe4 Re8 10. Ng5 g6 11. Bxf7+ Kg7 12. Bxe8 Qxe8 13. Nxc3 1-0

[Event "GER-ch U12"]
[Site "Willingen"]
[Date "2017.06.04"]
[Round "2"]
[White "Lauterbach, Kolja"]
[Black "Joppich, Til"]
[Result "1-0"]
[WhiteElo "1358"]
[BlackElo "1714"]
[PlyCount "109"]
[EventDate "2017.06.04"]
[EventType "swiss"]
[EventRounds "11"]
[EventCountry "GER"]
[SourceTitle "CBM 178 Extra"]
[Source "ChessBase"]
[SourceDate "2017.06.22"]
[SourceVersion "1"]
[SourceVersionDate "2017.06.22"]
[SourceQuality "1"]

1. e4 e5 2. Nf3 Nc6 3. Bc4 Bc5 4. b4 Bxb4 5. c3 Ba5 6. d4 exd4 7. 0-0 Nf6 8. e5 d5 9. exf6 dxc4 10. fxg7 Rg8 11. Re1+ Be6 12. Bg5 Qd7 13. Re4 dxc3 14. Qxd7+ Kxd7 15. Na3 Rae8 16. Nxc4 Bxc4 17. Rxc4 b5 18. Rc5 b4 19. Rd1+ Kc8 20. Rxc6 Rxg7 21. Be3 Kb7 22. Rc4 f6 23. Bc5 Re2 24. Bxb4 c2 25. Rc1 Rd7 26. Nd4 Bb6 27. Kf1 Re4 28. R4xc2 Rexd4 29. Bc3 Rf4 30. g3 Rf3 31. Kg2 Rdd3 32. Bb2 Rxf2+ 33. Rxf2 Bxf2 34. Bxf6 Rd2 35. Rf1 Bb6+ 36. Kh3 Rxa2 37. Ra1 Rf2 38. Be5 Rf5 39. Bf4 h5 40. Kh4 a5 41. Ra2 c5 42. Bg5 c4 43. Kxh5 Bd8 44. h3 c3 45. Kh6 Rd5 46. Bxd8 Rxd8 47. Rxa5 Kb6 48. Ra1 Rg8 49. Rg1 Kc5 50. g4 Kb4 51. Kh7 Ra8 52. g5 Kb3 53. g6 Kb2 54. g7 c2 55. g8Q 1-0